Central Library OPAC University of Rajshahi

Supervision / (Record no. 61548)

MARC details
000 -LEADER
fixed length control field 00672nam a2200241 a 4500
001 - CONTROL NUMBER
control field 61548
003 - CONTROL NUMBER IDENTIFIER
rucl marc code BD-RjUL
005 - DATE AND TIME OF LATEST TRANSACTION
control field 20211209080957.0
008 - FIXED-LENGTH DATA ELEMENTS--GENERAL INFORMATION
fixed length control field 170119s1984 mnua 001 0 eng
020 ## - INTERNATIONAL STANDARD BOOK NUMBER
International Standard Book Number 0314778365
035 ## - SYSTEM CONTROL NUMBER
System control number (BD-RjUL)61672
040 ## - CATALOGING SOURCE
Original cataloging agency DLC
Transcribing agency DLC
Modifying agency MYG
Language of cataloging eng
041 ## - LANGUAGE CODE
Language code of text/sound track or separate title eng
082 ## - DEWEY DECIMAL CLASSIFICATION NUMBER
Edition number 23
Classification number 658.302
Author mark and year TIS 1984
100 1# - MAIN ENTRY--PERSONAL NAME
Personal name Timm, Paul R.
9 (RLIN) 183398
245 10 - TITLE STATEMENT
Title Supervision /
Statement of responsibility, etc. Paul R. Timm.
260 ## - PUBLICATION, DISTRIBUTION, ETC. (IMPRINT)
Place of publication, distribution, etc. St. Paul ;
-- New York :
Name of publisher, distributor, etc. West Pub. Co.,
Date of publication, distribution, etc. c1984.
300 ## - PHYSICAL DESCRIPTION
Pagination xiv, 503 p. :
Illustrations ill. ;
Size 26 cm.
500 ## - GENERAL NOTE
General note Includes index.
650 #0 - SUBJECT ADDED ENTRY--TOPICAL TERM
Topical term or geographic name as entry element Personnel management.
9 (RLIN) 170518
Topical term or geographic name as entry element Supervision of employees.
9 (RLIN) 181573
942 ## - ADDED ENTRY ELEMENTS (KOHA)
Source of classification or shelving scheme Dewey Decimal Classification
Koha item type Books
Holdings
Lost status Source of classification or shelving scheme Damaged status Not for loan Collection code Permanent Location Current Location Shelving location Date acquired Total Checkouts Full call number Date last seen Copy number Koha item type
  Dewey Decimal Classification   Not For Loan Non-fiction Central Library, University of Rajshahi Central Library, University of Rajshahi Reading Room 02/11/1992   658.302 TIS 1984 19/01/2017 C-1 Books